Statistics for Spanish vocab week 16

Click here to take the quiz!

General Stats

  • This quiz has been taken 9 times
  • The average score is 21 of 70

Answer Stats

HintAnswer% Correct
balladla balada
100%
interviewla entrevista
100%
lyricsla letra
100%
freedomla libertad
100%
openlyabiertamente
50%
to supportapoyar
50%
to likechiflar
50%
behavecomportarse
50%
consciousconsciente
50%
discreetdiscreto
50%
behaviourel comportamiento
50%
live concertel concierto en vivo
50%
adviceel consejo
50%
writerel escritor
50%
fan/followerel fan/seguidor
50%
modelel modelo
50%
levelel nivel
50%
rapperel rapero
50%
rapperel rapero
50%
to promotefomentar
50%
to copyimitar
50%
unavoidableinevitable
50%
audiencela audiencia
50%
choreographyla coreografía
50%
curiosityla curiosidad
50%
blot/blemishla lacra
50%
fashionla moda
50%
fashion modella modelo
50%
charityla organización benéfica/ caritativa
50%
sexual orientationla orientación sexual
50%
cheatingla trampa
50%
powerfulpoderoso
50%
prestigiousprestigioso
50%
promiscuouspromiscuo
50%
to raprapear
50%
to revolutioniserevolucionar
50%
to followseguir
50%
hard workingtrabajador
50%
ardent/steadfastacérrimo
0%
to performactuar
0%
to create controversycrear polémica
0%
dancerel bailarin
0%
singer songwriterel cantautor
0%
competitionel certamen
0%
composerel compositor
0%
commitmentel compromiso
0%
musical competitionel concurso musical
0%
bandel conjunto musical
0%
stageel escenario
0%
music festivalel festival de música
0%
musical tasteel gusto musical
0%
shynessel pudor
0%
danceable rhythmel ritmo bailable
0%
to go on tourestar de gira
0%
successfulexitoso
0%
to recordgrabar
0%
to perform a songinterpretar una canción
0%
performancela actuación
0%
ancestryla ascendencia
0%
soundtrackla banda sonora
0%
full stomachla barriga llena
0%
good willla buena voluntad
0%
musical piecela composición
0%
behaviourla conducta
0%
recordingla grabación
0%
performancela interpretación
0%
to measuremedir
0%
catchypegadizo
0%
to star inprotagonizar
0%
to become a starsaltar al estrellato
0%

Score Distribution

Percentile by Number Answered

Percent of People with Each Score

Your Score History

You have not taken this quiz